The bible as read and preached in the old synagogue / 1 The Palestinian triennial cycle : Genesis and Exodus ; with a Hebr. section containing manuscript material of midrashim to these books
| Format: | Print Book |
|---|---|
| Language: | Hebrew English |
| Subito Delivery Service: | Order now. |
| Check availability: | HBZ Gateway |
| Interlibrary Loan: | Interlibrary Loan for the Fachinformationsdienste (Specialized Information Services in Germany) |
| Published: |
New York
Ktav Publ.
1971
|
| In: |
The bible as read and preached in the old synagogue a study in the cycles of the readings from Torah and prophets, as well as from psalms, and in the structure of the midrashic homilies
Year: 1971 |
MARC
| LEADER | 00000cam a2200000 cc4500 | ||
|---|---|---|---|
| 001 | 1091763143 | ||
| 003 | DE-627 | ||
| 005 | 20251224220411.0 | ||
| 007 | tu | ||
| 008 | 900927s1971 xx ||||| 00| ||heb c | ||
| 010 | |a 70105755 | ||
| 020 | |a 0870680838 |9 0-87068-083-8 | ||
| 035 | |a (DE-627)1091763143 | ||
| 035 | |a (DE-576)021763143 | ||
| 035 | |a (DE-599)BSZ021763143 | ||
| 040 | |a DE-627 |b ger |c DE-627 |e rakwb | ||
| 041 | |a heb |a eng | ||
| 082 | 0 | |a 296.4 | |
| 084 | |a 1 |2 ssgn | ||
| 245 | 1 | 4 | |a The bible as read and preached in the old synagogue |n 1 |p The Palestinian triennial cycle : Genesis and Exodus ; with a Hebr. section containing manuscript material of midrashim to these books |c by Jacob Mann |
| 264 | 1 | |a New York |b Ktav Publ. |c 1971 | |
| 300 | |a XCI, 574, [346] S. | ||
| 336 | |a Text |b txt |2 rdacontent | ||
| 337 | |a ohne Hilfsmittel zu benutzen |b n |2 rdamedia | ||
| 338 | |a Band |b nc |2 rdacarrier | ||
| 601 | |a Containing | ||
| 601 | |a Material | ||
| 773 | 1 | 8 | |a The bible as read and preached in the old synagogue a study in the cycles of the readings from Torah and prophets, as well as from psalms, and in the structure of the midrashic homilies |w (DE-627)1091763046 |w (DE-576)021763046 |g 1 |q 1 |7 nnam |
| 935 | |a mteo | ||
| 951 | |a MV | ||
| ELC | |b 1 | ||
| ITA | |a 1 | ||
| LOK | |0 000 xxxxxcx a22 zn 4500 | ||
| LOK | |0 001 2151637581 | ||
| LOK | |0 003 DE-627 | ||
| LOK | |0 004 1091763143 | ||
| LOK | |0 005 20100408042205 | ||
| LOK | |0 008 010125||||||||||||||||ger||||||| | ||
| LOK | |0 040 |a DE-21-31 |c DE-627 |d DE-21-31 | ||
| LOK | |0 541 |e 7/72 (IJ) | ||
| LOK | |0 852 |a DE-21-31 | ||
| LOK | |0 852 1 |c Ra VIII e 139-1 |m p |9 00 | ||
| LOK | |0 938 |k p | ||
| LOK | |0 939 |a 25-01-01 |b l01 | ||
| ORI | |a SA-MARC-ixtheoa001.raw | ||
| REL | |a 1 | ||
| SUB | |a REL | ||